Informačný systém QuickGUNbase : Diplomová práca

Gespeichert in:
Bibliographische Detailangaben
1. Verfasser: Drgoň, Andrej (Verfasst von)
Weitere Verfasser: Kebísek, Michal, 1974- (xxx)
Format: Manuskript Buch
Sprache:Slowakisch
Veröffentlicht: Trnava : STU v Bratislave MtF KAIA, 2004
Schlagworte:
Tags: Tag hinzufügen
Keine Tags, Fügen Sie das erste Tag hinzu!

MARC

LEADER 00000ntm a22000003a 4500
001 stu89204
005 20160719154716.3
008 040727s2004----xo------------------slo-d
040 |a STU  |b slo 
041 0 |a slo 
044 |a xo 
100 1 |a Drgoň, Andrej  |4 aut 
245 1 |a Informačný systém QuickGUNbase :  |b Diplomová práca 
260 |a Trnava :  |b STU v Bratislave MtF KAIA,  |c 2004 
300 |a 64 s  |c príl (CD) 
650 7 |a aplikovaná informatika a automatizácia v priemysle  |2 stusub 
700 1 |a Kebísek, Michal,  |d 1974-  |4 xxx  |u M6000  |U MTF Materiálovotechnologická fakulta  |T MTF Ústav aplikovanej informatiky, automatizácie a matematiky  |X 2798  |U M6000  |Y 86  |7 A000002798 
996 |b 284M059896  |c M*DP-5153  |l MMSKP  |s P  |a 0  |w stu89204_0001